| 000 | 00713nam a2200229 a 4500 | ||
|---|---|---|---|
| 005 | 20221115063519.0 | ||
| 008 | 071121s2006 es r 000 0 spa d | ||
| 020 | _a8420552275 | ||
| 035 | _aUPN01000153595 | ||
| 049 | _aI | ||
| 050 | 4 |
_aPZ76.3 _bP5.2 |
|
| 100 | 1 |
_aPicouly, Daniel, _d1948- _938894 |
|
| 245 | 1 | 3 |
_aEl arca de Lulú / _cDaniel Picouly, Frèdèric Pillot. |
| 260 |
_aMadrid : _bPearson-Alhambra : _c2006. |
||
| 300 |
_a[32] p. : _bil. col. |
||
| 440 | 0 |
_aPearson. _pEducación |
|
| 534 |
_pTraducido de : _tL'arche de Lulu |
||
| 650 | 7 |
_aAnimales _vLiteratura infantil _2 _91061 |
|
| 650 | 4 |
_aTORTUGAS - _vCUENTOS Y LEYENDAS _98592 |
|
| 700 | 1 |
_aPillot, Frédéric, _ecoaut. |
|
| 905 | _aInfantil | ||
| 999 |
_c125716 _d125716 |
||